Life and letters of Bayard Taylor /

Bibliographic Details
Main Author: Taylor, Bayard, 1825-1878
Other Authors: Taylor, Marie Hansen, 1829-1925 (Editor), Scudder, Horace Elisha, 1838-1902 (Editor)
Format: Book
Language:English
Published: Boston : Houghton, Mifflin, 1884.
Subjects:

MARC

Tag First Indicator Second Indicator Subfields
LEADER 00000cam a2200000 4500
001 in00000011300
005 20151007052031.0
008 740530s1884 mauach 00010 eng d
010 |a  14000841  
035 |a (OCoLC)00904196 
035 |9 AAA5976AM 
040 |a HEI  |c HEI  |d m.c.  |d m/c  |d TXA  |d UtOrBLW 
049 |a TXAM  |v 1 [1164215]  |v 2 [1164216] 
050 0 |a PS2993  |b .T3 1884 
100 1 |a Taylor, Bayard,  |d 1825-1878. 
245 1 0 |a Life and letters of Bayard Taylor /  |c edited by Marie Hansen-Taylor and Horace E. Scudder. 
264 1 |a Boston :  |b Houghton, Mifflin,  |c 1884. 
300 |a 2 volumes (viii, 784 pages) :  |b illustrations, facsimiles, portraits ;  |c 20 cm. 
336 |a text  |b txt  |2 rdacontent 
337 |a unmediated  |b n  |2 rdamedia 
338 |a volume  |b nc  |2 rdacarrier 
600 1 0 |a Taylor, Bayard,  |d 1825-1878. 
700 1 |a Taylor, Marie Hansen,  |d 1829-1925,  |e editor. 
700 1 |a Scudder, Horace Elisha,  |d 1838-1902,  |e editor. 
999 |a MARS 
999 f f |s 5cfd3b17-0a23-3c9f-8ccf-b8b453566374  |i 5cf1d02f-dfef-335f-80ab-1d0e614220d7  |t 0 
952 f f |p ric  |a Texas A&M University  |b Rellis Campus  |c Joint Library Facility  |d Remote Storage  |t 0  |e PS2993 .T3 1884  |h Library of Congress classification  |i unmediated -- volume  |k v.2  |m A14811491287 
952 f f |p ric  |a Texas A&M University  |b Rellis Campus  |c Joint Library Facility  |d Remote Storage  |t 0  |e PS2993 .T3 1884  |h Library of Congress classification  |i unmediated -- volume  |k v.1  |m A14807936178 
998 f f |a PS2993 .T3 1884  |s v.1-v.2  |t 0  |l Remote Storage